000 00764nam a2200229 a 4500
001 000010372
005 20250129121827.0
008 091006t1984 dr a r 001 p spa d
040 _aDO-SdBNP
_bspa
_cBNPHU
082 _aRD861.44
_bG261d
100 1 _aGatón Arce, Freddy,
_d1920-1994
_97946
245 1 0 _aDe paso y otros poemas /
_cFreddy Arce Gatón.
260 _aSanto Domingo :
_bTaller,
_c1984.
300 _a70 p. :
_bil. ;
_c18 cm.
490 1 _aEdiciones "La poesía sorprendida"
500 _aIncluye datos biográficos del autor.
590 _aInventariado, 2018/BT
650 0 _aPoesía dominicana
_966
650 0 _aLiteratura dominicana.
_967
830 0 _aEdiciones "La poesía sorprendida"
_925384
910 _aValidado. Control de calidad. EMS
999 _c10131
_d10131